Loading...
Tropical trees:the potential for domestication and the rebuilding of forest resources
| Main Author: | |
|---|---|
| Format: | Printed Book |
| Language: | English |
| Published: |
London
1994
|
| LEADER | 00453nam a22001217a 4500 | ||
|---|---|---|---|
| 008 | 131231b xxu||||| |||| 00| 0 eng d | ||
| 020 | |a 0117015628 | ||
| 050 | |a 634.9 | ||
| 100 | |a Leakey R | ||
| 245 | |a Tropical trees:the potential for domestication and the rebuilding of forest resources |c A C Newton | ||
| 260 | |a London |c 1994 | ||
| 999 | |c 25464 |d 25464 | ||
| 952 | |0 0 |1 0 |4 0 |6 634_900000000000000_LEA |7 0 |9 27926 |a ES |b ES |d 2013-12-31 |l 0 |o 634.9 LEA |p ES21 |r 2013-12-31 |w 2013-12-31 |y BK | ||